উনসত্তরের গণআন্দোলন / (Record no. 99949)
[ view plain ]
| 000 -LEADER | |
|---|---|
| fixed length control field | 00623nam a22001697a 4500 |
| 003 - CONTROL NUMBER IDENTIFIER | |
| control field | BD-DhUL |
| 005 - DATE AND TIME OF LATEST TRANSACTION | |
| control field | 20160821155711.0 |
| 008 - FIXED-LENGTH DATA ELEMENTS--GENERAL INFORMATION | |
| fixed length control field | 160821b xxu||||| |||| 00| 0 eng d |
| 040 ## - CATALOGING SOURCE | |
| Transcribing agency | BD-DhUL |
| 082 ## - DEWEY DECIMAL CLASSIFICATION NUMBER | |
| Classification number | 323.44 |
| Item number | SEU |
| 100 ## - MAIN ENTRY--PERSONAL NAME | |
| Personal name | হোসেন, সেলিনা |
| 245 ## - TITLE STATEMENT | |
| Title | উনসত্তরের গণআন্দোলন / |
| Statement of responsibility, etc. | হোসেন, সেলিনা |
| 260 ## - PUBLICATION, DISTRIBUTION, ETC. (IMPRINT) | |
| Place of publication, distribution, etc. | ঢাকা : |
| Name of publisher, distributor, etc. | বাঙলা একাডেমি, |
| Date of publication, distribution, etc. | ১৯৮৫. |
| 300 ## - PHYSICAL DESCRIPTION | |
| Extent | ৯৮ পৃ. ; |
| Dimensions | ২০ সেমি. |
| 651 ## - SUBJECT ADDED ENTRY--GEOGRAPHIC NAME | |
| Form subdivision | বাঙলাদেশ- ইতিহাস |
| -- | Bangladesh - History |
| 942 ## - ADDED ENTRY ELEMENTS (KOHA) | |
| Source of classification or shelving scheme | |
| Koha item type | Books |
| Price effective from | Date last seen | Permanent Location | Not for loan | Date acquired | Source of classification or shelving scheme | Koha item type | Lost status | Withdrawn status | Copy number | Source of acquisition | Collection code | Damaged status | Shelving location | Barcode | Current Location | Full call number |
|---|---|---|---|---|---|---|---|---|---|---|---|---|---|---|---|---|
| 2016-08-21 | 2016-08-21 | Dhaka University Library | 2016-08-21 | Books | 5 | purchased | Non Fiction | General Stacks | A285638 | Dhaka University Library | 323.44 SEU | |||||
| 2016-08-21 | 2016-08-21 | Dhaka University Library | 2016-08-21 | Books | 2 | purchased | Non Fiction | General Stacks | A285496 | Dhaka University Library | 323.44 SEU | |||||
| 2016-08-21 | 2016-08-21 | Dhaka University Library | 2016-08-21 | Books | 9 | purchased | Non Fiction | General Stacks | A285642 | Dhaka University Library | 323.44 SEU | |||||
| 2016-08-21 | 2016-08-21 | Dhaka University Library | 2016-08-21 | Books | 4 | purchased | Non Fiction | General Stacks | A285498 | Dhaka University Library | 323.44 SEU | |||||
| 2016-08-21 | 2016-08-21 | Dhaka University Library | 2016-08-21 | Books | 6 | purchased | Non Fiction | General Stacks | A285639 | Dhaka University Library | 323.44 SEU | |||||
| 2016-08-21 | 2016-08-21 | Dhaka University Library | 2016-08-21 | Books | 3 | purchased | Non Fiction | General Stacks | A285497 | Dhaka University Library | 323.44 SEU | |||||
| 2016-08-21 | 2016-08-21 | Dhaka University Library | 2016-08-21 | Books | 1 | purchased | Non Fiction | General Stacks | A285495 | Dhaka University Library | 323.44 SEU | |||||
| 2016-08-21 | 2016-08-21 | Dhaka University Library | 2016-08-21 | Books | 8 | purchased | Non Fiction | General Stacks | A285641 | Dhaka University Library | 323.44 SEU | |||||
| 2016-08-21 | 2016-08-21 | Dhaka University Library | 2016-08-21 | Books | 7 | purchased | Non Fiction | General Stacks | A285640 | Dhaka University Library | 323.44 SEU |
